Understanding global conflict and cooperation (Record no. 1605)

000 -LEADER
fixed length control field nam a22 a 4500
005 - DATE AND TIME OF LATEST TRANSACTION
control field 20170511102413.0
008 - FIXED-LENGTH DATA ELEMENTS--GENERAL INFORMATION
fixed length control field 170511s2011 mauab b 001 0 eng d
020 ## - INTERNATIONAL STANDARD BOOK NUMBER
International Standard Book Number 9780205798551 (pbk.)
Terms of availability £29.99
020 ## - INTERNATIONAL STANDARD BOOK NUMBER
International Standard Book Number 0205798551 (pbk.) :
Terms of availability £29.99
040 ## - CATALOGING SOURCE
Original cataloging agency AKMAL
082 ## - DEWEY DECIMAL CLASSIFICATION NUMBER
Classification number 327.10904 NYE
090 ## - LOCALLY ASSIGNED LC-TYPE CALL NUMBER (OCLC); LOCAL CALL NUMBER (RLIN)
Classification number (OCLC) (R) ; Classification number, CALL (RLIN) (NR) 327.10904
Local cutter number (OCLC) ; Book number/undivided call number, CALL (RLIN) NYE
100 1# - MAIN ENTRY--PERSONAL NAME
Personal name Nye, Joseph S.
9 (RLIN) 3262
245 10 - TITLE STATEMENT
Title Understanding global conflict and cooperation
Remainder of title an introduction to theory and history
Statement of responsibility, etc. Joesph S. Nye and David A. Welch.
250 ## - EDITION STATEMENT
Edition statement 8th ed.
260 ## - PUBLICATION, DISTRIBUTION, ETC.
Place of publication, distribution, etc. Boston London
Name of publisher, distributor, etc. Longman,
Date of publication, distribution, etc. 2011.
300 ## - PHYSICAL DESCRIPTION
Extent xiv, 338 p.
Other physical details ill., maps.
Dimensions 23 cm
500 ## - GENERAL NOTE
General note Previous ed.: published as Understanding international conflicts. New York; London: Pearson Longman, 2009.
504 ## - BIBLIOGRAPHY, ETC. NOTE
Bibliography, etc. note Includes bibliographical references and index.
599 ## - LOCAL NOTE
Local Note DALAM PROSES
650 0# - SUBJECT ADDED ENTRY--TOPICAL TERM
Topical term or geographic name entry element International relations.
9 (RLIN) 282
700 1# - ADDED ENTRY--PERSONAL NAME
Personal name Welch, David A.
9 (RLIN) 3263
700 1# - ADDED ENTRY--PERSONAL NAME
Personal name Nye, Joseph S.
9 (RLIN) 3264
852 41 - LOCATION
Location British Library
Sublocation or collection HMNTS
942 ## - ADDED ENTRY ELEMENTS (KOHA)
Source of classification or shelving scheme
Koha item type Book
Holdings
Withdrawn status Lost status Source of classification or shelving scheme Damaged status Not for loan Collection code Home library Current library Shelving location Date acquired Inventory number Total Checkouts Full call number Barcode Date last seen Price effective from Koha item type
          NON-FICTION AKMAL Melaka AKMAL Melaka PINJAMAN 11.05.2017 305891   327.10904 NYE 201703006 11.05.2017 11.05.2017 Book
Pusat Sumber Maklumat Dato' Haji Sarmin Md Hussin, Akademi Kastam Diraja Malaysia, Melaka
Tel: 06-2331106 | Faks: 06-2313787